Statistics for All ethnic groups of Russia

Click here to take the quiz!

General Stats

  • This quiz has been taken 126 times
  • The average score is 37 of 93

Answer Stats

Linguistic GroupName#% Correct
SlavicRussians (incl. Kossacks, Pomors)111.017K
98%
SlavicUkrainians1.928K
94%
SlavicBelarusians521K
92%
KartvelianGeorgians158K
90%
TurkicKazakhs648K
89%
TurkicTurkmens37K
89%
Indo-EuropeanArmenians1.182K
88%
SlavicPoles47K
85%
TurkicTatars (incl. Volga-, Kryashens, Astrakhan-, Siberian-)5.311K
85%
GermanicGermans394K
84%
TurkicAzeris603K
83%
FinnicFinns20K
83%
SemiticJews157K
81%
HellenicGreeks (incl. Urums)86K
78%
East CaucasianChechens1.431K
74%
IranianOssetians529K
73%
FinnicKarelians61K
68%
TurkicYakuts478K
66%
Indo-AryanRoma205K
62%
TurkicChuvashs1.436K
61%
TurkicBashkirs1.585K
60%
MongolicKalmyks183K
59%
SamoyedicNenets45K
59%
FinnicSami1,5K
59%
TurkicTuvans264K
59%
MongolicBuryats461K
57%
East CaucasianIngush445K
57%
Eskimo-AleutYupik / Eskimos1,5K
57%
FinnicUdmurts552K
54%
FinnicKomi-Zyryans228K
53%
Finnic(Mountain & Lowland) Mari548K
53%
TurkicAltayans (incl. Telengits, Tubalars, Chelkans)74K
49%
Eskimo-AleutAleutians<500
48%
West CaucasianCircassians73K
48%
FinnicMordvins (Erzya & Moksha)744K
45%
East CaucasianAvars (incl. Andi, Archi, Akhvakh, Bagvalal, Bezhta, Botlikh, Hinukh, Godoberi, Hunzib, Didoy, Tsez, Karata, Tindi, Khvarshi, Chamalal)912K
44%
TurkicCrimean Tatars248K
44%
West CaucasianAdygheans125K
43%
TurkicKarachays218K
43%
TurkicBalkars113K
42%
Chukotko-KamchatkanChukchi16K
41%
UgricMansi12K
39%
TungusicEvens22K
38%
UgricKhanty31K
38%
West CaucasianKabardians517K
37%
TurkicKhakas73K
36%
TurkicKumyks503K
34%
TurkicNogais104K
34%
TungusicEvenks38K
33%
East CaucasianDargins589K
32%
SamoyedicEnets<300
31%
East CaucasianLezgians474K
30%
FinnicIngrians<500
27%
YeniseianKets (incl. Yughs)1K
27%
East CaucasianLaks179K
27%
FinnicVepsians6K
26%
Chukotko-KamchatkanKoryaks8K
25%
West CaucasianAbazins43K
23%
East CaucasianTabasarans146K
22%
SamoyedicSelkups4K
21%
East CaucasianRutuls35K
20%
TungusicNanays12K
19%
SamoyedicNganasans<900
19%
TungusicOrochs<600
19%
TurkicDolgans8K
18%
Chukotko-KamchatkanItelmeni3K
18%
East CaucasianAghuls34K
17%
FinnicIzhorians<300
17%
IsolatedNivkh5K
17%
TungusicOroks<300
17%
TurkicShors13K
16%
East CaucasianTsakhurs13K
16%
FinnicKomi-Permyaks94K
15%
TungusicUlchis3K
15%
FinnicVotes<70
15%
TurkicChulyms<400
12%
Chukotko-KamchatkanKamchadals2K
12%
TurkicKrymchaks<100
12%
IsolatedYukaghirs1,5K
12%
TurkicNagaybaks8K
11%
TungusicUdege1,5K
10%
FinnicBesermyans2K
9%
TurkicTofalars<800
9%
Chukotko-KamchatkanKereks<70
8%
SemiticMountain Jews<800
8%
TungusicNegidals<600
8%
Chukotko-KamchatkanChuvans1K
7%
TurkicCrimean Karaites<1000
7%
TurkicKumandins3K
6%
TurkicTeleuts3K
6%
MongolicSoyots4K
5%
SiniticTaz<300
5%
West CaucasianShapsugs4K
4%

Score Distribution

Percentile by Number Answered

Percent of People with Each Score

Your Score History

You have not taken this quiz